Female figure in the art of Ajanta, Ellora and Elephanta Caves (Record no. 14109)

MARC details
000 -LEADER
fixed length control field 00715nam a2200205Ia 4500
082 ## - DEWEY DECIMAL CLASSIFICATION NUMBER
Classification number TK.0250
100 ## - MAIN ENTRY--AUTHOR NAME
Personal name Kakde, V.T.
245 #0 - TITLE STATEMENT
Title Female figure in the art of Ajanta, Ellora and Elephanta Caves
260 ## - PUBLICATION, DISTRIBUTION, ETC. (IMPRINT)
Year of publication 1979
Name of publisher Nagpur University
300 ## - PHYSICAL DESCRIPTION
Number of Pages 189p. + C D - 46
650 ## - SUBJECT ADDED ENTRY--TOPICAL TERM
Topical Term CAVES///AJANTA, ELLORA AND ELEPHANTA CAVES
650 ## - SUBJECT ADDED ENTRY--TOPICAL TERM
Topical Term INDIA - HISTORY///AJANTA, ELLORA AND ELEPHANTA CAVES
650 ## - SUBJECT ADDED ENTRY--TOPICAL TERM
Topical Term FEMININE BEAUTY (AESTHETICS)
650 ## - SUBJECT ADDED ENTRY--TOPICAL TERM
Topical Term WOMEN IN ART
650 ## - SUBJECT ADDED ENTRY--TOPICAL TERM
Topical Term ELLORA AND ELEPHANTA CAVES//AJANTA, ELLORA AND ELEPHANTA CAVES
650 ## - SUBJECT ADDED ENTRY--TOPICAL TERM
Topical Term AJANTA, ELLORA AND ELEPHANTA CAVES
650 ## - SUBJECT ADDED ENTRY--TOPICAL TERM
Topical Term IDEAL BEAUTIFUL WOMEN//FEMININE BEAUTY (AESTHETICS)
710 ## - ADDED ENTRY--CORPORATE NAME
Corporate name or jurisdiction name as entry element Deglurkar, G.B.
942 ## - ADDED ENTRY ELEMENTS (KOHA)
Koha item type Thesis
Source of classification or shelving scheme Dewey Decimal Classification
Holdings
Withdrawn status Lost status Damaged status Not for loan Home library Current library Date acquired Bill Date Full call number Accession Number Price effective from Koha item type
        NASSDOC Library NASSDOC Library 08/10/2004 2004-10-22 TK.0250 15099 18/04/2019 Thesis